[Event "CZE-ch U14"]
[Site "Herlikovice"]
[Date "2021.10.25"]
[Round "3"]
[White "Mikolas, Petr"]
[Black "Bukvaj, Jan"]
[Result "1-0"]
[WhiteElo "1432"]
[BlackElo "1240"]
[PlyCount "98"]
[EventDate "2021.10.23"]
[EventType "swiss"]
[EventRounds "9"]
[EventCountry "CZE"]
[SourceTitle "EXT 2023"]
[Source "ChessBase"]
[SourceDate "2022.10.05"]
[SourceVersion "1"]
[SourceVersionDate "2022.10.05"]
[SourceQuality "1"]

1. e4 c5 2. Nf3 Nc6 3. d4 cxd4 4. Nxd4 g6 5. Nc3 Bg7 6. Be3 Nf6 7. Be2 d5 8. exd5 Nxd5 9. Nxd5 Qxd5 10. Bf3 Qa5+ 11. c3 0-0 12. Nxc6 bxc6 13. 0-0 Bb7 14. Qd7 Ba6 15. Rfe1 Rab8 16. Bc1 e6 17. Qxa7 c5 18. Qd7 Rfe8 19. Qd2 Rbd8 20. Qf4 e5 21. Qh4 f5 22. Bd1 Rd6 23. Bb3+ Kh8 24. Qa4 Qxa4 25. Bxa4 Red8 26. Be3 c4 27. Rad1 Rd3 28. Bc2 Rxd1 29. Rxd1 Rxd1+ 30. Bxd1 e4 31. f3 Kg8 32. fxe4 fxe4 33. Bc2 Bb7 34. Kf2 Kf7 35. Bd4 Bh6 36. Be3 Bg7 37. Bd4 Bh6 38. b3 cxb3 39. Bxb3+ Kf8 40. Bc5+ Kg7 41. Be3 Bxe3+ 42. Kxe3 Kf6 43. a4 Ke5 44. a5 Bc6 45. c4 h6 46. a6 g5 47. c5 h5 48. g3 Kf5 49. a7 Kg4 1-0

[Event "CZE-ch U14"]
[Site "Herlikovice"]
[Date "2021.10.23"]
[Round "1"]
[White "Mikolas, Petr"]
[Black "Stein, Michael1"]
[Result "0-1"]
[WhiteElo "1432"]
[BlackElo "1115"]
[PlyCount "54"]
[EventDate "2021.10.23"]
[EventType "swiss"]
[EventRounds "9"]
[EventCountry "CZE"]
[SourceTitle "EXT 2023"]
[Source "ChessBase"]
[SourceDate "2022.10.05"]
[SourceVersion "1"]
[SourceVersionDate "2022.10.05"]
[SourceQuality "1"]

1. e4 e5 2. Nc3 Nf6 3. f4 d5 4. exd5 Nxd5 5. Qh5 Nc6 6. fxe5 Nf4 7. Qf3 Nd4 8. Qe4 Ng6 9. Nge2 Bc5 10. Nxd4 Qxd4 11. Bb5+ Kf8 12. Rf1 Qxe5 13. d3 Be6 14. Bf4 Qxe4+ 15. Nxe4 Bb6 16. a3 Bd5 17. 0-0-0 Nxf4 18. g3 Ng6 19. Kb1 f6 20. Rd2 c6 21. Ba4 Bxe4 22. dxe4 Ke7 23. Re2 Rad8 24. c3 Rd7 25. Bc2 Ne5 26. Kc1 Rhd8 27. h3 Nc4 0-1

[Event "EU-ch U12"]
[Site "Bratislava"]
[Date "2019.08.05"]
[Round "4"]
[White "Mikolas, Petr"]
[Black "Andreev, Konstantin1"]
[Result "0-1"]
[WhiteElo "1482"]
[BlackElo "1716"]
[PlyCount "68"]
[EventDate "2019.08.02"]
[EventType "swiss"]
[EventRounds "9"]
[EventCountry "SVK"]
[SourceTitle "EXT 2020"]
[Source "ChessBase"]
[SourceDate "2019.10.17"]
[SourceVersion "1"]
[SourceVersionDate "2019.10.17"]
[SourceQuality "1"]

1. d4 d5 2. c4 c6 3. Nc3 Nf6 4. e3 e6 5. Nf3 Nbd7 6. Qc2 Be7 7. b3 0-0 8. Bd3 b6 9. Bb2 Bb7 10. 0-0 c5 11. cxd5 exd5 12. Rac1 Rc8 13. Rfd1 Qc7 14. Nb5 Qb8 15. Qb1 a6 16. Nc3 c4 17. Bf5 g6 18. Bh3 b5 19. Ne5 Rcd8 20. Nf3 b4 21. Ne2 c3 22. Ba1 Ne4 23. a3 a5 24. Qd3 Qd6 25. axb4 axb4 26. Ng3 f5 27. Re1 Ra8 28. Qc2 Ra3 29. Red1 Rfa8 30. Nxe4 fxe4 31. Bxd7 Qxd7 32. Ne5 Qc7 33. f4 Ra2 34. Qb1 c2 0-1

[Event "EU-ch U12"]
[Site "Bratislava"]
[Date "2019.08.03"]
[Round "2"]
[White "Mikolas, Petr"]
[Black "Gregoric, Andraz"]
[Result "0-1"]
[WhiteElo "1482"]
[BlackElo "1765"]
[PlyCount "64"]
[EventDate "2019.08.02"]
[EventType "swiss"]
[EventRounds "9"]
[EventCountry "SVK"]
[SourceTitle "EXT 2020"]
[Source "ChessBase"]
[SourceDate "2019.10.17"]
[SourceVersion "1"]
[SourceVersionDate "2019.10.17"]
[SourceQuality "1"]

1. e4 e5 2. Nf3 Nc6 3. Bc4 Bc5 4. d3 Nf6 5. Nc3 a6 6. Be3 Be7 7. d4 b5 8. Bd3 d6 9. d5 Nb8 10. Nd2 0-0 11. a4 bxa4 12. Rxa4 Ng4 13. Qe2 Nxe3 14. Qxe3 Bg4 15. 0-0 Bg5 16. Qe1 Qf6 17. f3 Bd7 18. Ra3 Qh6 19. Nc4 g6 20. Qe2 Kh8 21. Rfa1 f5 22. Na5 Be3+ 23. Kh1 Bf4 24. g3 Bxg3 25. Nb3 Rf7 26. Bxa6 Nxa6 27. Rxa6 Raf8 28. Rg1 Bf4 29. Ra7 Be3 30. Rxc7 Bxg1 31. Kxg1 fxe4 32. Nxe4 Bb5 0-1